Psicología de la educación virtual: aprender y enseñar con las Tecnologías de la Información y la Comunicación

Saved in:
Bibliografiske detaljer
Andre forfattere: Coll Salvador, César (Editor), Monereo Font, Carles (Editor)
Format: Bog
Sprog:spansk
Udgivet: Madrid Ediciones Morata S. L 2008
Udgivelse:1a. ed
Fag:
Tags: Tilføj Tag
Ingen Tags, Vær først til at tagge denne postø!

MARC

LEADER 00000cam a2200000 a 4500
001 UCD0506
003 CL-VaPUC
005 20250226084611.0
008 151204e20080000sp |||||||||||||||||spa|d
999 |c 362007  |d 362005 
020 |a 9788471125194 
040 |c Pontificia Universidad Católica de Valparaíso 
082 0 4 |a 370.15  |b COL  |2 21 
100 1 |a Coll Salvador, César  |e editor  |9 866883 
245 1 0 |a Psicología de la educación virtual: aprender y enseñar con las Tecnologías de la Información y la Comunicación 
250 |a 1a. ed 
260 |a Madrid  |b Ediciones Morata S. L  |c 2008 
300 |a 410 p 
583 |a last modification  |c 20151204 12:43:00  |k Rodrigo Vera 
650 0 |a Psicología educacional   |9 307830 
650 0 |a Educación virtual  |9 491799 
700 |a Monereo Font, Carles  |e editor  |9 222233 
942 |c BK  |2 ddc 
945 |d 20151204 12:43:00  |a dcastane 
952 |0 0  |1 0  |3 erb  |4 0  |6 370_150000000000000_COL_2008  |7 0  |8 A  |9 472817  |a BIBEDU  |b BIBEDU  |i 5254213  |o 370.15 COL 2008  |p 5254213  |r 2019-11-24  |w 2019-11-24  |y BK  |z Catalogado en:20151204  |k EPE 
952 |0 0  |1 0  |3 erb  |4 0  |6 370_150000000000000_COL_2008  |7 0  |8 A  |9 472818  |a BIBEDU  |b BIBEDU  |i 5254221  |l 1  |o 370.15 COL 2008  |p 5254221  |r 2023-06-27  |s 2023-06-06  |w 2019-11-24  |y BK  |z Catalogado en:20151204  |k EPE 
952 |0 0  |1 0  |3 erb  |4 0  |6 370_150000000000000_COL_2008  |7 0  |8 A  |9 472819  |a BIBEDU  |b BIBEDU  |i 525423K  |o 370.15 COL 2008  |p 525423K  |r 2019-11-24  |w 2019-11-24  |y BK  |z Catalogado en:20151204  |k EPE